[Event "Titled Tuesday intern op 11th Feb Early"]
[Site "Chess.com INT"]
[Date "2025.02.11"]
[Round "7"]
[White "Mateus, Martha"]
[Black "Osiecki, Stanislaw"]
[Result "1-0"]
[WhiteElo "1967"]
[BlackElo "1987"]
[PlyCount "65"]
[EventDate "2025.02.11"]
[EventType "swiss (blitz)"]
[EventRounds "11"]
[EventCountry "USA"]
[SourceTitle "CB08_2025"]
[SourceDate "2025.02.19"]
[SourceVersion "1"]
[SourceVersionDate "2025.02.19"]
[SourceQuality "1"]

1. e4 e6 2. d3 d5 3. Nd2 c5 4. g3 d4 5. Bg2 Nc6 6. f4 Nf6 7. Ngf3 Be7 8. 0-0 0-0 9. h3 Nd7 10. Re1 b5 11. e5 Bb7 12. Ne4 Nb4 13. a3 Nd5 14. c4 bxc4 15. dxc4 N5b6 16. b3 Bxe4 17. Rxe4 a5 18. a4 Rb8 19. Bd2 Na8 20. Rb1 Qb6 21. Qe1 Bd8 22. Nh4 Qa6 23. g4 Bxh4 24. Qxh4 Rb7 25. f5 exf5 26. gxf5 Re8 27. f6 Rxe5 28. Rg4 g6 29. Bg5 Rxg5 30. Qxg5 Rb6 31. Qd5 Nxf6 32. Qd8+ Kg7 33. Bxa8 1-0

[Event "Titled Tuesday intern op 11th Feb Early"]
[Site "Chess.com INT"]
[Date "2025.02.11"]
[Round "10"]
[White "Zoar Haque, Prodhan"]
[Black "Osiecki, Stanislaw"]
[Result "1/2-1/2"]
[WhiteElo "1947"]
[BlackElo "1987"]
[PlyCount "123"]
[EventDate "2025.02.11"]
[EventType "swiss (blitz)"]
[EventRounds "11"]
[EventCountry "USA"]
[SourceTitle "CB08_2025"]
[SourceDate "2025.02.19"]
[SourceVersion "1"]
[SourceVersionDate "2025.02.19"]
[SourceQuality "1"]

1. e4 e6 2. d4 d5 3. Nd2 c5 4. dxc5 Bxc5 5. Bd3 Nc6 6. Ngf3 Nge7 7. 0-0 h6 8. Nb3 Bb6 9. c3 0-0 10. Qe2 a5 11. e5 a4 12. Nbd4 Bd7 13. Bf4 Ng6 14. Bg3 a3 15. b3 Qe7 16. Rad1 Nxd4 17. cxd4 Rac8 18. Rc1 Rxc1 19. Rxc1 Rc8 20. Rxc8+ Bxc8 21. Qc2 Qc7 22. Bxg6 fxg6 23. Qxc7 Bxc7 24. Bf4 Ba5 25. Bd2 Bb6 26. Bb4 g5 27. h3 Bd7 28. Kf1 Bb5+ 29. Ke1 Bd3 30. Bxa3 Bb1 31. Bb2 Bxa2 32. Nd2 Ba5 33. Kd1 Bxd2 34. Kxd2 Bxb3 35. g3 h5 36. Kc3 Bd1 37. Kb4 Be2 38. h4 gxh4 39. gxh4 Kf7 40. Bc1 Kg6 41. Kc5 Kf5 42. Bg5 Ke4 43. Be3 b5 44. Kb4 Kf3 45. Kc5 Kg4 46. Bg5 g6 47. Kb4 Kf3 48. Be3 Ke4 49. Kc5 Kd3 50. Kb4 Kc2 51. Bg5 Kd3 52. Be3 Kc2 53. Bg5 Kd1 54. Be3 Ke1 55. Kc5 Kf1 56. Kb4 Kg2 57. Kc5 Kh3 58. Bg5 Kg4 59. Kb4 Kf3 60. Be3 Ke4 61. Kc5 Kf3 62. Kb4 1/2-1/2

[Event "Titled Tuesday intern op 04th Feb Early"]
[Site "Chess.com INT"]
[Date "2025.02.04"]
[Round "6"]
[White "Lai, Hong Jun"]
[Black "Osiecki, Stanislaw"]
[Result "1-0"]
[WhiteElo "2036"]
[BlackElo "1987"]
[PlyCount "77"]
[EventDate "2025.02.04"]
[EventType "swiss (blitz)"]
[EventRounds "11"]
[EventCountry "USA"]
[SourceTitle "CB07_2025"]
[SourceDate "2025.02.12"]
[SourceVersion "1"]
[SourceVersionDate "2025.02.12"]
[SourceQuality "1"]

1. d4 Nf6 2. c4 g6 3. Nc3 Bg7 4. e4 d6 5. Nf3 0-0 6. Be2 e5 7. Be3 Nbd7 8. 0-0 Nh5 9. Re1 Nf4 10. Bf1 c6 11. d5 c5 12. a3 a6 13. b4 b6 14. bxc5 bxc5 15. Rb1 Qa5 16. Na4 Rb8 17. Rxb8 Nxb8 18. Bd2 Qc7 19. Qb3 Bg4 20. Nb2 Nd7 21. h3 Bxf3 22. Qxf3 Rb8 23. Nd1 Nh5 24. Qc3 f5 25. Bd3 fxe4 26. Bxe4 Ndf6 27. Bc2 Nf4 28. Bxf4 exf4 29. Qf3 g5 30. h4 h6 31. hxg5 hxg5 32. g3 Bh6 33. gxf4 gxf4 34. Kh1 Kh8 35. Qh3 Qg7 36. Rg1 Qf8 37. Rg6 Ng8 38. Qd7 Qe8 39. Rxh6+ 1-0

[Event "Titled Tuesday intern op 04th Feb Early"]
[Site "Chess.com INT"]
[Date "2025.02.04"]
[Round "5"]
[White "Osiecki, Stanislaw"]
[Black "Dicen, Elis Denele"]
[Result "1-0"]
[WhiteElo "1987"]
[BlackElo "2129"]
[PlyCount "45"]
[EventDate "2025.02.04"]
[EventType "swiss (blitz)"]
[EventRounds "11"]
[EventCountry "USA"]
[SourceTitle "CB07_2025"]
[SourceDate "2025.02.12"]
[SourceVersion "1"]
[SourceVersionDate "2025.02.12"]
[SourceQuality "1"]

1. e4 c5 2. c3 Nf6 3. e5 Nd5 4. d4 cxd4 5. Nf3 Nc6 6. cxd4 e6 7. a3 d6 8. Bd3 dxe5 9. dxe5 Be7 10. 0-0 0-0 11. Qe2 b6 12. Qc2 Bb7 13. Bxh7+ Kh8 14. Be4 Rc8 15. Qe2 g6 16. Bh6 Re8 17. Rd1 Bf8 18. Bxf8 Rxf8 19. Bxd5 exd5 20. Qd2 Ne7 21. Qh6+ Kg8 22. Ng5 Nf5 23. Qh7# 1-0

[Event "Titled Tuesday intern op 04th Feb Early"]
[Site "Chess.com INT"]
[Date "2025.02.04"]
[Round "10"]
[White "Osiecki, Stanislaw"]
[Black "Valente, Sofia"]
[Result "1-0"]
[WhiteElo "1987"]
[BlackElo "1893"]
[PlyCount "33"]
[EventDate "2025.02.04"]
[EventType "swiss (blitz)"]
[EventRounds "11"]
[EventCountry "USA"]
[SourceTitle "CB07_2025"]
[SourceDate "2025.02.12"]
[SourceVersion "1"]
[SourceVersionDate "2025.02.12"]
[SourceQuality "1"]

1. e4 e5 2. Nf3 Nc6 3. Bb5 a6 4. Bxc6 dxc6 5. 0-0 f6 6. d4 exd4 7. Nxd4 Bd6 8. Nc3 c5 9. Nb3 Be6 10. Nd5 c6 11. Nc3 Qd7 12. Nxc5 Bxc5 13. Qh5+ g6 14. Qxc5 0-0-0 15. Qa7 g5 16. Na4 Re8 17. Nb6+ 1-0

[Event "Titled Tuesday intern op 28th Jan Early"]
[Site "Chess.com INT"]
[Date "2025.01.28"]
[Round "8"]
[White "Osiecki, Stanislaw"]
[Black "Zaichenko, Daria"]
[Result "1-0"]
[WhiteElo "1987"]
[BlackElo "2104"]
[PlyCount "29"]
[EventDate "2025.01.28"]
[EventType "swiss (blitz)"]
[EventRounds "11"]
[EventCountry "USA"]
[SourceTitle "CB06_2025"]
[SourceDate "2025.02.05"]
[SourceVersion "1"]
[SourceVersionDate "2025.02.05"]
[SourceQuality "1"]

1. e4 e5 2. Nf3 Nc6 3. Bb5 Nf6 4. d3 Bc5 5. c3 d6 6. 0-0 Bg4 7. d4 exd4 8. cxd4 Bb6 9. d5 0-0 10. dxc6 bxc6 11. Bxc6 Rb8 12. h3 Bh5 13. Bg5 h6 14. Bh4 g5 15. Bg3 1-0

[Event "Titled Tuesday intern op 10th Sep Early"]
[Site "Chess,com INT"]
[Date "2024.09.10"]
[Round "3"]
[White "Osiecki, Stanislaw"]
[Black "Smietanska, Wiktoria"]
[Result "0-1"]
[WhiteElo "1987"]
[BlackElo "2121"]
[PlyCount "94"]
[EventDate "2024.09.10"]
[EventType "swiss (blitz)"]
[EventRounds "11"]
[EventCountry "USA"]
[SourceTitle "EXT 2025"]
[Source "ChessBase"]
[SourceDate "2024.10.14"]
[SourceVersion "1"]
[SourceVersionDate "2024.10.14"]
[SourceQuality "1"]

1. e4 c5 2. c3 Nf6 3. e5 Nd5 4. d4 cxd4 5. Nf3 Nc6 6. cxd4 d6 7. Bc4 Nb6 8. Bb5 dxe5 9. Nxe5 Bd7 10. Nxd7 Qxd7 11. 0-0 a6 12. Bxc6 Qxc6 13. Nc3 e6 14. Be3 Be7 15. Rc1 Qd7 16. Qg4 0-0 17. Rfd1 Rfd8 18. Bh6 Bf8 19. Ne4 Kh8 20. Nc5 Qd5 21. Bg5 Rdc8 22. Nb3 Rxc1 23. Rxc1 Nc4 24. Rc2 b5 25. Be3 Rd8 26. h3 Be7 27. Qf4 e5 28. Qf5 g6 29. Qf3 Qxf3 30. gxf3 Bf6 31. dxe5 Bxe5 32. Bc1 Rd1+ 33. Kg2 Kg7 34. h4 h5 35. Nc5 Rd4 36. Nxa6 Rxh4 37. b3 Nd6 38. Nc7 Rd4 39. Be3 Rd1 40. Bc5 Nf5 41. Nxb5 h4 42. f4 Bxf4 43. Kf3 Be5 44. Ke4 h3 45. f3 h2 46. Bg1 hxg1Q 47. Nc3 Qe3# 0-1

[Event "Titled Tuesday intern op 03rd Sep Early"]
[Site "Chess.com INT"]
[Date "2024.09.03"]
[Round "2"]
[White "Lama, Himal"]
[Black "Osiecki, Stanislaw"]
[Result "1-0"]
[WhiteElo "2059"]
[BlackElo "1987"]
[PlyCount "91"]
[EventDate "2024.09.03"]
[EventType "swiss (blitz)"]
[EventRounds "11"]
[EventCountry "USA"]
[SourceTitle "EXT 2025"]
[Source "ChessBase"]
[SourceDate "2024.10.14"]
[SourceVersion "1"]
[SourceVersionDate "2024.10.14"]
[SourceQuality "1"]

1. e4 e6 2. d4 d5 3. Bd3 dxe4 4. Bxe4 Nf6 5. Bf3 c5 6. Ne2 Qb6 7. Nbc3 cxd4 8. Qxd4 Bc5 9. Qh4 0-0 10. 0-0 Nc6 11. Na4 Qa5 12. Nxc5 Qxc5 13. Bg5 Qe7 14. Bxc6 bxc6 15. Ng3 h6 16. Bxf6 Qxf6 17. Qxf6 gxf6 18. Rad1 Ba6 19. Rfe1 Rfd8 20. f4 f5 21. Kf2 Kf8 22. b3 c5 23. c4 Bb7 24. Ne2 Ke7 25. Nc3 Bc6 26. g3 Rxd1 27. Rxd1 Rd8 28. Rxd8 Kxd8 29. Ke3 f6 30. a3 a5 31. Ne2 Be4 32. Nc1 Bc2 33. Kd2 Be4 34. Kc3 Kc7 35. b4 axb4+ 36. axb4 cxb4+ 37. Kxb4 Kc6 38. Ne2 e5 39. Nc3 Bg2 40. Nd1 Be4 41. Ne3 Kb6 42. c5+ Kc6 43. Nc4 Bd5 44. Na5+ Kc7 45. Kc3 e4 46. Kd4 1-0

[Event "Titled Tuesday intern op 27th Aug Early"]
[Site "Chess.com INT"]
[Date "2024.08.27"]
[Round "9"]
[White "Osiecki, Stanislaw"]
[Black "Medina Paz, Miguel"]
[Result "1/2-1/2"]
[WhiteElo "1987"]
[BlackElo "2368"]
[PlyCount "44"]
[EventDate "2024.08.27"]
[EventType "swiss (blitz)"]
[EventRounds "11"]
[EventCountry "USA"]
[SourceTitle "EXT 2025"]
[Source "ChessBase"]
[SourceDate "2024.10.14"]
[SourceVersion "1"]
[SourceVersionDate "2024.10.14"]
[SourceQuality "1"]

1. e4 c5 2. c3 Nf6 3. e5 Nd5 4. d4 cxd4 5. Nf3 Nc6 6. cxd4 d6 7. Bc4 Nb6 8. Bb5 Bd7 9. Nc3 e6 10. exd6 Bxd6 11. 0-0 0-0 12. Be3 a6 13. Bd3 Nd5 14. Nxd5 exd5 15. h3 h6 16. Rc1 Qf6 17. Bb1 Rae8 18. Qd3 Re4 19. Qd2 Re7 20. Qd3 Re4 21. Qd2 Re7 22. Qd3 Re4 1/2-1/2

[Event "Titled Tuesday intern op 27th Aug Early"]
[Site "Chess.com INT"]
[Date "2024.08.27"]
[Round "2"]
[White "Paravyan, David"]
[Black "Osiecki, Stanislaw"]
[Result "1-0"]
[WhiteElo "2600"]
[BlackElo "1987"]
[PlyCount "67"]
[EventDate "2024.08.27"]
[EventType "swiss (blitz)"]
[EventRounds "11"]
[EventCountry "USA"]
[SourceTitle "EXT 2025"]
[Source "ChessBase"]
[SourceDate "2024.10.14"]
[SourceVersion "1"]
[SourceVersionDate "2024.10.14"]
[SourceQuality "1"]

1. e4 e6 2. d4 d5 3. e5 c5 4. c3 Nc6 5. Nf3 Qb6 6. a3 c4 7. Nbd2 Na5 8. Be2 Bd7 9. Rb1 0-0-0 10. h4 h6 11. h5 Kb8 12. 0-0 Ne7 13. Nh4 Nec6 14. Bg4 Be7 15. g3 Bxh4 16. gxh4 Rc8 17. Nf3 Ka8 18. Bf4 Nb3 19. Kh2 Ne7 20. Qe2 Ba4 21. Rg1 g6 22. Bh3 gxh5 23. Rg7 Rcf8 24. Qe3 Nf5 25. Bxf5 exf5 26. Rbg1 Na5 27. Qe2 Qd8 28. R1g3 Bd7 29. Qe3 Be6 30. Bxh6 Rfg8 31. Rxg8 Rxg8 32. Rxg8 Qxg8 33. Qg5 Nc6 34. Qxg8+ 1-0

[Event "Titled Tuesday intern op 13th Aug Early"]
[Site "Chess.com INT"]
[Date "2024.08.13"]
[Round "10"]
[White "Osiecki, Stanislaw"]
[Black "Kshatriya, Nitin Vekhande"]
[Result "0-1"]
[WhiteElo "1987"]
[BlackElo "2173"]
[PlyCount "96"]
[EventDate "2024.08.13"]
[EventType "swiss (blitz)"]
[EventRounds "11"]
[EventCountry "USA"]
[SourceTitle "EXT 2025"]
[Source "ChessBase"]
[SourceDate "2024.10.14"]
[SourceVersion "1"]
[SourceVersionDate "2024.10.14"]
[SourceQuality "1"]

1. e4 c5 2. c3 d5 3. e5 Bf5 4. d4 cxd4 5. cxd4 Nc6 6. Bd3 Bxd3 7. Qxd3 e6 8. Ne2 Nge7 9. 0-0 Ng6 10. Nbc3 Be7 11. g3 0-0 12. h4 f6 13. h5 Nh8 14. exf6 Bxf6 15. Be3 Nf7 16. Nf4 Qe8 17. Nb5 Rc8 18. Rac1 a6 19. Nc3 Ng5 20. h6 gxh6 21. Kg2 Bg7 22. Rh1 Ne7 23. Nh5 Nf5 24. Nxg7 Kxg7 25. Bxg5 hxg5 26. Ne2 Qg6 27. Qb3 Nd6 28. f3 Rxc1 29. Rxc1 Rf7 30. Qe3 Nc4 31. Qb3 Qf5 32. Qc3 b5 33. b3 Nd6 34. Rf1 Qf6 35. Qc6 Nf5 36. Qxa6 Ne3+ 37. Kg1 Nxf1 38. Kxf1 Qxf3+ 39. Ke1 Qe3 40. Qd6 h5 41. Qe5+ Qxe5 42. dxe5 h4 43. gxh4 gxh4 44. Ng1 Kg6 45. Ke2 Kg5 46. Nf3+ Kg4 47. Nd4 h3 48. Nxe6 h2 0-1

[Event "Titled Tuesday intern op 06th Aug Early"]
[Site "Chess.com INT"]
[Date "2024.08.06"]
[Round "10"]
[White "Filindash, Nikita"]
[Black "Osiecki, Stanislaw"]
[Result "0-1"]
[WhiteElo "2067"]
[BlackElo "1987"]
[PlyCount "84"]
[EventDate "2024.08.06"]
[EventType "swiss (blitz)"]
[EventRounds "11"]
[EventCountry "USA"]
[SourceTitle "EXT 2025"]
[Source "ChessBase"]
[SourceDate "2024.10.14"]
[SourceVersion "1"]
[SourceVersionDate "2024.10.14"]
[SourceQuality "1"]

1. d4 Nf6 2. c4 g6 3. Nc3 Bg7 4. e4 d6 5. Nf3 0-0 6. Be2 e5 7. 0-0 Nbd7 8. Qc2 c6 9. Rd1 Qe7 10. Be3 Ng4 11. Bg5 f6 12. Bh4 g5 13. Bg3 Nh6 14. dxe5 dxe5 15. Rd2 Nc5 16. b4 Na6 17. a3 Be6 18. Rad1 Rfd8 19. c5 Nc7 20. Rd6 Nf7 21. R6d2 Rxd2 22. Rxd2 Rd8 23. Na4 Rxd2 24. Nxd2 Bd7 25. Nc4 Ne6 26. Bd3 Nd4 27. Qc3 Be6 28. f3 f5 29. Bf2 fxe4 30. fxe4 Qf6 31. Nab2 Qf4 32. Bxd4 exd4 33. Qe1 Be5 34. Nxe5 Nxe5 35. h3 g4 36. h4 g3 37. Qf1 Qe3+ 38. Kh1 Qh6 39. Kg1 Qxh4 40. Qd1 Qh2+ 41. Kf1 Qh1+ 42. Ke2 Bg4+ 0-1

[Event "Titled Tuesday intern op 06th Aug Early"]
[Site "Chess.com INT"]
[Date "2024.08.06"]
[Round "7"]
[White "Mendes Domingues, Ribeiro Matheus"]
[Black "Osiecki, Stanislaw"]
[Result "1-0"]
[WhiteElo "2244"]
[BlackElo "1987"]
[PlyCount "47"]
[EventDate "2024.08.06"]
[EventType "swiss (blitz)"]
[EventRounds "11"]
[EventCountry "USA"]
[SourceTitle "EXT 2025"]
[Source "ChessBase"]
[SourceDate "2024.10.14"]
[SourceVersion "1"]
[SourceVersionDate "2024.10.14"]
[SourceQuality "1"]

1. c4 Nf6 2. Nc3 g6 3. e4 d6 4. d4 Bg7 5. h3 0-0 6. Be3 e5 7. d5 a5 8. g4 Ne8 9. Nge2 f5 10. gxf5 gxf5 11. exf5 Bxf5 12. Ng3 Bg6 13. h4 h6 14. Bd3 Qf6 15. h5 Bxd3 16. Qxd3 Kh8 17. 0-0-0 Nd7 18. Nce4 Qf3 19. Rdg1 Nc5 20. Nxc5 dxc5 21. Ne4 Nd6 22. Nxd6 cxd6 23. Rxg7 e4 24. Qc3 1-0

[Event "Titled Tuesday intern op 06th Aug Early"]
[Site "Chess.com INT"]
[Date "2024.08.06"]
[Round "6"]
[White "Osiecki, Stanislaw"]
[Black "Baches Garcia, Guillermo"]
[Result "1/2-1/2"]
[WhiteElo "1987"]
[BlackElo "2322"]
[PlyCount "107"]
[EventDate "2024.08.06"]
[EventType "swiss (blitz)"]
[EventRounds "11"]
[EventCountry "USA"]
[SourceTitle "EXT 2025"]
[Source "ChessBase"]
[SourceDate "2024.10.14"]
[SourceVersion "1"]
[SourceVersionDate "2024.10.14"]
[SourceQuality "1"]

1. e4 d5 2. e5 c5 3. c3 Nc6 4. d4 Bf5 5. Bd3 Bxd3 6. Qxd3 e6 7. Ne2 Nge7 8. 0-0 Qb6 9. Rd1 cxd4 10. cxd4 Nf5 11. Nbc3 Be7 12. Nxd5 exd5 13. Qxf5 0-0 14. e6 Rad8 15. Be3 Qxb2 16. Nf4 Nb4 17. exf7+ Rxf7 18. Qb1 Qxb1 19. Raxb1 b6 20. a4 Nc6 21. g3 Bd6 22. Rdc1 Bxf4 23. gxf4 Ne7 24. Rc7 Nf5 25. Rbc1 Rdd7 26. Rxd7 Rxd7 27. Rc8+ Kf7 28. Kg2 g6 29. Kf3 h5 30. Ra8 Nd6 31. Bc1 Nf5 32. Be3 Ke7 33. Rg8 Kf6 34. Rf8+ Rf7 35. Ra8 Ke6 36. Rc8 Kd7 37. Ra8 Ke6 38. Re8+ Re7 39. Rg8 Kf6 40. Rf8+ Rf7 41. Rc8 Rd7 42. Rf8+ Ke7 43. Rg8 Kf7 44. Rh8 Rc7 45. Rh7+ Ng7 46. f5 gxf5 47. Bf4 Re7 48. Be5 Kg6 49. Rh8 Ne6 50. Rg8+ Kh7 51. Ra8 Kg6 52. Rg8+ Kh7 53. Rh8+ Kg6 54. Rg8+ 1/2-1/2

[Event "Titled Tuesday intern op 06th Aug Early"]
[Site "Chess.com INT"]
[Date "2024.08.06"]
[Round "2"]
[White "Osiecki, Stanislaw"]
[Black "Sturt, Raven M"]
[Result "0-1"]
[WhiteElo "1987"]
[BlackElo "2459"]
[PlyCount "68"]
[EventDate "2024.08.06"]
[EventType "swiss (blitz)"]
[EventRounds "11"]
[EventCountry "USA"]
[SourceTitle "EXT 2025"]
[Source "ChessBase"]
[SourceDate "2024.10.14"]
[SourceVersion "1"]
[SourceVersionDate "2024.10.14"]
[SourceQuality "1"]

1. e4 c5 2. c3 d5 3. e5 Nc6 4. d4 Nh6 5. h3 cxd4 6. cxd4 Nf5 7. Bb5 Bd7 8. Nc3 Nfxd4 9. Nf3 Nxf3+ 10. Qxf3 Nxe5 11. Bxd7+ Qxd7 12. Qxd5 Nd3+ 13. Kf1 0-0-0 14. Qxd7+ Rxd7 15. Be3 e5 16. Bxa7 Bb4 17. g3 f5 18. Kg2 Rf8 19. a3 Bxc3 20. bxc3 Rf6 21. Be3 f4 22. Bc1 f3+ 23. Kh2 Nxf2 24. Rf1 Nd3 25. Be3 e4 26. Rab1 Rc6 27. Bd4 Rxd4 28. cxd4 Rc2+ 29. Kg1 f2+ 30. Kg2 e3 31. Kf3 e2 32. Rxf2 e1Q 33. Rxc2+ Kb8 34. Rb3 Qd1+ 0-1